| 000 | 00889nam a2200217 i 4500 | ||
|---|---|---|---|
| 001 | 187308 | ||
| 003 | SpMaBN | ||
| 005 | 20251124170356.0 | ||
| 008 | 170531s1942 sp af |||| |bspa d | ||
| 080 | _a929 Baudelaire, Charles | ||
| 100 | 1 |
_aMauclair, Camille, _d1872-1945 _979178 |
|
| 245 | 1 | 0 |
_aBaudelaire _b: vida atormentada / _cCamille Mauclair [seud.] ; traducción de M. Agromayor ; ilustraciones de Narro. |
| 260 |
_aBarcelona : _bIberia : _bJoaquín Gil, _c[1942] ( _fAgustín Núñez) |
||
| 300 |
_a190 p., [8] p. de lám. : _bil. ; _c20 cm. |
||
| 490 | 1 | _aLa estrella de mar | |
| 600 | 1 | 4 |
_aBaudelaire, Charles- _vBiografías. _9144104 |
| 700 | 1 |
_aNarro, José, _d1902- _984950 |
|
| 830 | 0 |
_aLa estrella del mar _9186683 |
|
| 852 |
_aES-MaACL _jL-31656 _z- enc. cart. _z. - Donat. herederos de la bibl. de Mª del Pilar Costa Palacín |
||
| 999 |
_c187308 _d187308 |
||